|
|
|
|
| LEADER |
00875nam a22002652a 4500 |
| 001 |
001651401 |
| 003 |
CZ BrMZK |
| 005 |
20181016092734.0 |
| 007 |
ta |
| 008 |
181016s1960 xr a er|||||||||||cze d |
| 015 |
|
|
|a cnb000516889
|
| 035 |
|
|
|a (OCoLC)85332771
|
| 040 |
|
|
|a ABA001
|b cze
|c OSA001
|d ABA001
|d BOA001
|
| 080 |
9 |
|
|a 539.163:666(022)
|
| 100 |
1 |
|
|a Voldán, Jan
|4 aut
|
| 245 |
1 |
0 |
|a Použití radioaktivních isotopů ve sklářství /
|c zpracoval Jan Voldán
|
| 260 |
|
|
|a Hradec Králové :
|b Státní výzkumný ústav sklářský,
|c 1960
|
| 300 |
|
|
|a 55 s. :
|b il. ;
|c 8°
|
| 490 |
1 |
|
|a Informativní přehled ;
|v r. 1960, č. 2
|
| 504 |
|
|
|a Obsahuje bibliografii
|
| 830 |
|
0 |
|a Informativní přehled
|
| 910 |
|
|
|a BOA001
|b X-0456.316
|
| 990 |
|
|
|a BK
|
| 991 |
|
|
|b 201810
|
| 996 |
6 |
|
|b 2618963382
|c X-0456.316
|l MZK
|r Sklad / do 24 hodin
|n 0
|w 001690219
|u 000010
|a 1
|e BOA001
|j MZK50
|s P
|